Riconosci la Squadra di calcio - Quiz n°34 - Statistics

Statistiche generali
  • Questo quiz è stato fatto 25 volte
  • Il punteggio medio è 5 su 10
Statistiche sulle risposte
Indizio Risposta % Corretto
Colori sociali Blu, bianco
95%
Titoli nazionali 5 (1 Taça Brasil, 4 Brasileirãos)
68%
Simboli Volpe
68%
Trofei nazionali 6 Coppe del Brasile
47%
Trofei internazionali 2 Coppe Libertadores
1 Recopa Sudamericana
2 Supercoppe Sudamericane
1 Copa Master de Supercopa
1 Copa de Oro
37%
Confederazione CONMEBOL
37%
Divisione nazionale 2023-2024 Prima
37%
Capienza Stadio 62 547 posti
32%
Fondazione 1921
26%
Squadra Cruzeiro
21%
Nessun quiz corrispondente trovato
Distribuzione punteggi
Percentuale di utenti per punteggio
Percentile per numero di risposta
I tuoi punteggi nel tempo
Non hai fatto questo quiz